000 00378nam a2200145 i 4500
001 bg
100 1 _aKLIMAS, Mieczysław
245 0 _aTeoretyczne podstawy rachunkowości /
_cMieczysław Klimas, Zbigniew Messner.
260 _aWarszawa,
_c1980.
700 1 _aMESSNER, Zbigniew
040 _cBPK
041 _apol
942 _cKS
008 s pl f |000 0 pol
999 _c19392
_d19392
856 _uhttp://koha.tu.koszalin.pl/cgi-bin/koha/opac-detail.pl?biblionumber=19392
_yKatalog online BPK